000 00559nam a2200229Ia 4500
003 OSt
005 20220918180351.0
006 a|||||r|||| 00| 0
007 ta
008 220917b |||||||| |||| 00| 0 eng d
024 _a22,068
037 _cTextual
040 _aARTS
_cARTS
_beng
041 _2eng
_aeng
082 _aO:3N013:1, K3
100 _aSender Ramon
_956170
245 0 _aAffable hangman
260 _c1963
650 _aENGLISH LITERATURE
942 _hO:3N013:1, K3
_cTEXL
_2CC
999 _c161324
_d161324